000 02221nam a22002897a 4500
005 20240305165554.0
007 cr|||| ||||
008 201211s2014 co |||||s|||| 00||0 spa d
020 _a978-958-716-698-9
035 _a32254
040 _avLex
090 _c10942
_d10942
100 1 _aSañudo Pazos, María Fernanda
245 1 0 _aEnfoque basado en derechos humanos
_h[Recurso electrónico] :
_bGuía para su uso en incidencia política y políticas públicas /
_cMaría Fernanda Sañudo Pazos, Ricardo Sánchez Cárcamo
256 _aServicio en línea
260 _aBogotá:
_bPontificia Universidad Javeriana,
_c2014
300 _a1 recurso electrónico
500 _aEste libro tiene como finalidad brindar a los lectores y las lectoras conceptos y herramientas para incorporar el enfoque basado en derechos humanos a las acciones que, por un lado, realiza la sociedad civil organizada para exigir el cumplimiento de las obligacion es estatales en materia de la protección, garantía y respeto de los derechos humanos y, por otro, a las estrategias que los entes gubernamentales despliegan para avanzar en la realización de los derechos de ciudadanos y ciudadanas, en específico en el diseño y puesta en marcha de políticas públicas. Así, este texto ofrece los elementos teóricos y prácticos para que actores de la sociedad civil y funcionarias y funcionarios públicos, tengan la capacidad de usar en sus acciones los principios de la normativa internacional y regional para la defensa de los derechos humanos.
506 1 _aDisponible solo en los productos indicados
_dvLex Global
_dvLex Global (Academic Edition, excluding Law Schools)
_dvLex Global (U.S. Academic Edition, Law Schools)
_dvLex Global (U.S. Academic Edition, excluding Law Schools)
_dvLex Global (Academic Edition, Law Schools)
650 0 4 _aDerecho Constitucional
_zColombia
650 0 4 _aEconomía Española
_zColombia
650 0 4 _aAdministración Pública
_zColombia
700 1 _aSánchez Cárcamo, Ricardo
740 0 _avLex Libros (Servicio en línea)
856 4 0 _uhttps://app.vlex.com/#/sources/enfoque-basado-en-derechos-humanos-guia-para-su-uso-en-incidencia-politica-y-politicas-publicas-32254
942 _cRAA
999 _c169178
_d169178